[Event "ICS rated blitz match"]
[Site "207.99.83.227"]
[Date "1999.05.06"]
[Round "?"]
[White "Hossa"]
[Black "xypher"]
[Result "0-1"]
[WhiteElo "2447"]
[BlackElo "2766"]
[Annotator "Crafty v16.6"]
[PlyCount "127"]

{annotating for player ossa using a scoring margin of +0.20 pawns. search time
limit is 20.00} 1. e4 1... e5 2. f4 Bc5 3. Qh5 Nc6 4. fxe5 g6 5. Qf3 ({9:-0.79
} 5. Qf3 5... Bxg1 6. Rxg1 Qh4+ 7. g3 Nxe5 8. Qe3 Qxh2 9. Rg2 Qh1 10. Nc3 $17)
({9:-0.23} 5. Qe2 5... Nxe5 6. Nf3 Qf6 7. Nc3 Ne7 8. Nxe5 Qxe5 9. Qc4 9... Nf5
$10) 5... Bxg1 6. Rxg1 Qh4+ 7. g3 Nxe5 8. Qh1 Qxh2 9. Be2 Qxh1 10. Rxh1 d6 11.
d4 Nc6 12. Be3 Nf6 13. Nc3 Ng4 14. Bg1 Nb4 15. O-O-O h5 16. a3 Na6 17. Rf1 Rf8
18. Nd5 Kd8 19. Ne3 Rb8 20. Nxg4 Bxg4 21. Bxg4 hxg4 22. Rh4 Rc8 23. Rxg4 Ke8
24. Be3 Rh8 25. Rgf4 Rh7 26. b4 Nb8 27. g4 Nd7 28. g5 Nb6 29. R4f3 Nc4 30. Bf4
Kd7 31. a4 Rch8 32. Bg3 Kd8 33. Rd3 Rh1 34. Rdd1 Rxf1 35. Rxf1 Rh3 36. Rg1 Ke7
37. b5 f6 38. gxf6+ Kxf6 39. e5+ Kf5 40. exd6 cxd6 41. a5 Rh5 42. d5 Rg5 43.
Rf1+ Ke4 44. Rf4+ Kxd5 45. Bf2 Rf5 46. Rxf5+ gxf5 47. Bxa7 Nxa5 48. Bb6 Nc4 49.
Bf2 f4 50. c3 Ke4 51. Bd4 Kd3 52. Bg1 Ne3 53. Kb1 f3 54. Kb2 Nd1+ 55. Kb3 b6
56. c4 f2 57. Bxf2 Nxf2 58. Kb4 Kd4 59. Kb3 d5 60. c5 Kxc5 61. Ka4 d4 62. Kb3
d3 63. Kc3 d2 64. Kxd2 0-1

[Event "ICS Rated blitz match"]
[Site "207.99.83.227"]
[Date "1999.05.06"]
[Round "?"]
[White "Kengtin"]
[Black "Hossa"]
[Result "0-1"]
[WhiteElo "2281"]
[BlackElo "2446"]
[PlyCount "81"]

1. d4 d5 2. Nf3 Nf6 3. c3 e6 4. Bg5 Bd6 5. Nbd2 O-O 6. e4 dxe4 7. Nxe4 Be7 8.
Bd3 Nxe4 9. Bxe7 Qxe7 10. Bxe4 Nd7 11. Bc2 e5 12. O-O exd4 13. Nxd4 Qh4 14. Nf3
Qh5 15. Re1 Nf6 16. Re5 Qg4 17. Rg5 Qf4 18. Qc1 Qxc1+ 19. Rxc1 Be6 20. Bb3 Rae8
21. Re5 Bg4 22. Rxe8 Rxe8 23. Nd4 c5 24. Nb5 Re2 25. Nxa7 Rxb2 26. h3 Be6 27.
c4 Ne4 28. f3 Nd2 29. Nb5 Nxb3 30. axb3 Rxb3 31. Nc7 Rb4 32. Nxe6 fxe6 33. Rc2
g5 34. Kf2 Kf7 35. Ke3 h5 36. f4 Kf6 37. fxg5+ Kxg5 38. g3 e5 39. Ke4 b5 40.
Kd5 Rxc4 41. Rxc4 {Kengtin resigns} 0-1

[Event "ICS Rated blitz match"]
[Site "207.99.83.227"]
[Date "1999.05.06"]
[Round "?"]
[White "Hossa"]
[Black "Kengtin"]
[Result "0-1"]
[WhiteElo "2455"]
[BlackElo "2272"]
[Annotator "Crafty v16.6"]
[PlyCount "55"]

{annotating for player ossa using a scoring margin of +0.20 pawns. search time
limit is 20.00} 1. e4 1... e5 2. f4 Bc5 3. Qh5 Nc6 4. fxe5 g6 5. Qe2 Nxe5 6.
Nf3 Nxf3+ 7. Qxf3 d6 8. Bb5+ c6 9. Be2 h5 10. Nc3 Bg4 11. Qg3 Bd4 12. Qd3 ({
9:-0.57} 12. Qd3 12... Qf6 13. Nd1 O-O-O 14. Bxg4+ hxg4 15. c3 Bc5 16. Qc4 Qe5
17. b4 $15) ({9:+0.17} 12. Bxg4 12... Be5 13. Qh3 hxg4 14. Qxg4 Qh4+ 15. Qxh4
Rxh4 16. d3 Rxh2 17. Rxh2 17... Bxh2 $10) 12... Be5 13. O-O Nh6 14. Qe3 Bxe2
15. Qxe2 Ng4 16. h3 Qh4 17. Qc4 O-O-O 18. Qa4 Qg3 19. Rd1 Qh2+ 20. Kf1 Qh1+ 21.
Ke2 Qxg2+ 22. Kd3 Qxh3+ 23. Kc4 Qf3 24. Qxa7 Bxc3 25. bxc3 Qxd1 26. Rb1 Ne5+
27. Kb3 Kc7 28. Kb2 0-1

[Event "ICS Rated blitz match"]
[Site "207.99.83.227"]
[Date "1999.05.06"]
[Round "?"]
[White "LaRoche"]
[Black "Hossa"]
[Result "0-1"]
[WhiteElo "1875"]
[BlackElo "2431"]
[PlyCount "22"]

1. e4 e5 2. Nc3 Nc6 3. f4 exf4 4. d4 Qh4+ 5. g3 fxg3 6. Nf3 g2+ 7. Nxh4 gxh1=Q
8. Bf4 Bb4 9. Qd3 Bxc3+ 10. bxc3 Nf6 11. O-O-O 11... Qxe4 {LaRoche resigns} 0-1

[Event "ICS Rated bullet match"]
[Site "207.99.83.227"]
[Date "1999.05.06"]
[Round "?"]
[White "Hossa"]
[Black "JSBach"]
[Result "1-0"]
[WhiteElo "2477"]
[BlackElo "2092"]
[PlyCount "59"]

1. e4 d5 2. exd5 Qxd5 3. Nc3 Qe5+ 4. Be2 Nc6 5. Nb5 Nd4 6. Nxd4 Qxd4 7. Nf3 Qe4
8. d3 Qg6 9. O-O Qd6 10. Re1 Bf5 11. Ng5 Rd8 12. Bh5 Nh6 13. Qf3 Qb4 14. Bf4
Qxb2 15. Bxc7 Rd4 16. Be5 e6 17. Nxf7 Nxf7 18. Qxf5 Kd8 19. Qxf7 Bd6 20. Bxg7
e5 21. Bf6+ Kc8 22. Rab1 Qxb1 23. Rxb1 Bb4 24. Bxh8 b5 25. Qe6+ Rd7 26. Bg4 a5
27. Qxd7+ Kb8 28. Bxe5+ Bd6 29. Bxd6+ Ka8 30. Bf3# {JSBach checkmated} 1-0

[Event "ICS rated blitz match"]
[Site "207.99.83.227"]
[Date "1999.05.06"]
[Round "?"]
[White "Hossa"]
[Black "champion-10"]
[Result "1-0"]
[WhiteElo "2418"]
[BlackElo "2027"]
[PlyCount "43"]

1. e4 c6 2. Nf3 d5 3. exd5 cxd5 4. d4 Nc6 5. h3 Bf5 6. Bd2 Nf6 7. Nc3 e6 8. Bb5
Bd6 9. Nh4 Bg6 10. Nxg6 hxg6 11. Bg5 Qc7 12. Qf3 Nh5 13. O-O Nf4 14. Ba4 f6 15.
Nb5 Qa5 16. Nxd6+ Kf8 17. Bxc6 fxg5 18. Qb3 Rb8 19. Nxb7 g4 20. Nxa5 Rxb3 21.
Nxb3 gxh3 22. g3 {champion-10 resigns} 1-0

[Event "ICS rated blitz match"]
[Site "207.99.83.227"]
[Date "1999.05.06"]
[Round "?"]
[White "Hossa"]
[Black "Lami"]
[Result "0-1"]
[WhiteElo "2417"]
[BlackElo "2118"]
[Annotator "Crafty v16.6"]
[PlyCount "55"]

{annotating for player ossa using a scoring margin of +0.20 pawns. search time
limit is 20.00} 1. e4 1... e5 2. f4 d5 3. exd5 e4 4. Nc3 Nf6 5. Bb5+ c6 6. dxc6
Nxc6 7. Nge2 ({8:+0.21} 7. Nge2 7... Bd6 8. Nd4 Bd7 9. Bxc6 bxc6 10. f5 O-O 11.
Nce2 $10) ({8:+0.95} 7. Qe2 7... Qe7 8. Qc4 Qe6 9. Nge2 Qxc4 10. Bxc4 Bc5 11.
d3 $16) 7... Bc5 8. Rb1 ({9:-0.21} 8. Rb1 8... Qb6 9. b4 Bf2+ 10. Kf1 O-O 11.
Bxc6 bxc6 12. Na4 Qb5 13. Kxf2 13... Qxa4 $10) ({9:+0.00} 8. Ng3 8... Bg4 9.
Be2 Qd4 10. Rf1 Bxe2 11. Ngxe2 Qc4 12. d3 exd3 13. Qxd3 Qxd3 14. cxd3 $10) 8...
O-O 9. Na4 Bb6 10. b3 ({8:-1.78} 10. b3 10... Ng4 11. d4 Bxd4 12. Nxd4 Nxd4 13.
Bc4 Qh4+ 14. g3 14... Qf6 $19) ({8:-0.22} 10. Bxc6 $10) 10... Bg4 11. Ba3 Re8
12. Nac3 Nd5 13. Nxd5 Qxd5 14. Bc4 Qh5 15. Rb2 Qh4+ 16. g3 Qh3 17. Qc1 Bf3 18.
Rf1 Qxh2 19. Kd1 Qxg3 20. c3 Qg4 21. b4 Rad8 22. Bb5 Rd3 23. Kc2 Bxe2 24. Bxc6
bxc6 25. Rh1 e3 26. dxe3 Bxe3 27. Qe1 Rd2+ 28. Kb1 0-1

[Event "ICS rated blitz match"]
[Site "207.99.83.227"]
[Date "1999.05.06"]
[Round "?"]
[White "nimraz"]
[Black "Hossa"]
[Result "1-0"]
[WhiteElo "2247"]
[BlackElo "2390"]
[Annotator "Crafty v16.6"]
[PlyCount "149"]

{annotating for player ossa using a scoring margin of +0.20 pawns. search time
limit is 20.00} 1. e4 1... e5 2. d4 exd4 3. Nf3 Bb4+ 4. c3 dxc3 5. bxc3 Be7 6.
Bc4 Nh6 7. Bxh6 gxh6 8. O-O O-O 9. Re1 Nc6 10. e5 a5 ({8:-0.18} 10... a5 11.
Qc2 d5 12. Bd3 Bg4 13. Bxh7+ Kh8 14. Nbd2 14... Bc5 $10) ({8:+0.13} 10... Kh8
11. Bd5 f6 12. Nbd2 fxe5 13. Nxe5 Nxe5 14. Rxe5 Bf6 15. Re3 $10) 11. Nbd2 Rb8 (
{9:-0.49} 11... Rb8 12. Bd3 Kg7 13. Qa4 d5 14. Bb5 Bd7 15. Bxc6 Bxc6 16. Qxa5
$14) ({9:+0.06} 11... d5 12. Bd3 d4 13. cxd4 Nxd4 14. Nxd4 Qxd4 15. Qc2 Bg4 16.
Bxh7+ Kh8 17. Be4 $10) 12. a4 Re8 ({9:-0.62} 12... Re8 13. Ne4 Kg7 14. Qd5 Rf8
15. Bb5 Kg8 16. Bxc6 dxc6 17. Qxa5 $14) ({9:-0.04} 12... d5 13. Bd3 h5 14. Qc2
h6 15. Bf5 Bg5 16. Bxc8 Rxc8 17. Nb3 $10) 13. Ne4 Rf8 14. Qd2 Kg7 15. Qf4 f6
16. Qg3+ Kh8 17. exf6 Bxf6 18. Nxf6 Qxf6 19. Qxc7 Qxc3 20. Rac1 Qf6 21. Bb5 Ra8
22. Rcd1 Qg6 23. Re3 Rg8 24. g3 Rf8 25. Rd6 Qg4 26. Kg2 h5 27. h3 Qg7 28. Rd5
h4 29. Nxh4 Nd4 30. Qe5 Qxe5 31. Rexe5 Nxb5 32. Rxb5 d6 33. Re7 Rg8 34. g4 Ra7
35. Rh5 Rg7 36. Re8+ Rg8 37. Ng6+ Kg7 38. Rxg8+ Kxg8 39. Ne7+ Kg7 40. Nxc8 Ra6
41. Ne7 Rb6 42. Nf5+ Kg8 43. Rh6 Rb4 44. Rxd6 Rxa4 45. Rd7 Rb4 46. Kg3 a4 47.
g5 Rb3+ 48. Kg4 Rb4+ 49. f4 a3 50. Rd8+ Kf7 51. Ra8 Rb2 52. Rxa3 Rg2+ 53. Kh5
Ke6 54. Nh6 Kd5 55. f5 Ke5 56. f6 Kd5 57. h4 Rb2 58. f7 Rf2 59. Rb3 Kc4 60.
Rxb7 Kd5 61. Rb8 Ke6 62. f8=Q Rxf8 63. Rxf8 Kd5 64. Rf4 Kc6 65. Kg4 Kd5 66. Kf5
Kc6 67. Ke6 Kc5 68. Re4 Kc6 69. Rc4+ Kb6 70. Kd5 Kb7 71. Kd6 Ka6 72. Rb4 Ka7
73. Kc6 Ka8 74. Kc7 Ka7 75. Ra4# 1-0

[Event "ICS rated blitz match"]
[Site "207.99.83.227"]
[Date "1999.05.06"]
[Round "?"]
[White "Hossa"]
[Black "JudgeTurpin"]
[Result "1/2-1/2"]
[WhiteElo "2383"]
[BlackElo "2641"]
[PlyCount "139"]

1. e4 e5 2. f4 exf4 3. Nf3 g5 4. h4 g4 5. Ne5 d6 6. Nxg4 Nf6 7. Nf2 Rg8 8. d4
Bh6 9. Nd2 Qe7 10. Qe2 Bd7 11. e5 dxe5 12. dxe5 Ng4 13. Nxg4 Bxg4 14. Qe4 Nc6
15. Bb5 Bd7 16. Qxh7 Qxe5+ 17. Qe4 Qxe4+ 18. Nxe4 Rxg2 19. Nf6+ Ke7 20. Nd5+
Kd8 21. Nxf4 Rxc2 22. Nd3 Nd4 23. Bxd7 Bxc1 24. Rxc1 Rxc1+ 25. Nxc1 Kxd7 26.
Nd3 Rh8 27. Kd1 b6 28. h5 Ke6 29. Rf1 Nf5 30. Rf3 c5 31. b3 Nd4 32. Rf2 Rh6 33.
Kd2 Ke7 34. Nf4 Ne6 35. Re2 Kd6 36. Nxe6 fxe6 37. Rh2 Kd5 38. a4 Kd4 39. a5 e5
40. axb6 axb6 41. Kc2 e4 42. Rd2+ Ke5 43. Rh2 b5 44. Kc3 Kd5 45. Rd2+ Ke6 46.
Re2 Kf5 47. Rf2+ Kg4 48. Re2 Kf3 49. Rh2 b4+ 50. Kc4 e3 51. Rh3+ Kf2 52. Rh2+
Kf1 53. Rh1+ Kg2 54. Re1 Kf2 55. Rh1 e2 56. Rh2+ Kf1 57. Kxc5 e1=Q 58. Rh1+ Kf2
59. Rxe1 Rxh5+ 60. Kxb4 Kxe1 61. Kc4 Rh4+ 62. Kc5 Rh2 63. b4 Rc2+ 64. Kd5 Rb2
65. Kc5 Kd2 66. b5 Ke2 67. b6 Ke3 68. Kc6 Kd3 69. b7 Rxb7 70. Kxb7 {
Game drawn because neither player has mating material} 1/2-1/2

[Event "ICS rated blitz match"]
[Site "207.99.83.227"]
[Date "1999.05.06"]
[Round "?"]
[White "Hossa"]
[Black "JudgeTurpin"]
[Result "0-1"]
[WhiteElo "2393"]
[BlackElo "2631"]
[Annotator "Crafty v16.6"]
[PlyCount "77"]

{annotating for player ossa using a scoring margin of +0.20 pawns. search time
limit is 20.00} 1. e4 1... e5 2. f4 exf4 3. Nf3 g5 4. h4 g4 5. Ne5 Nf6 6. Bc4
d5 7. exd5 Bd6 8. Bb5+ ({8:-0.44} 8. Bb5+ 8... Bd7 9. Nxd7 Nbxd7 10. Qe2+ Qe7
11. Qxe7+ Bxe7 12. Nc3 O-O-O 13. Rf1 Ne5 14. Rxf4 Nxd5 15. Nxd5 15... Rxd5 $15)
({8:+0.72} 8. d4 8... c6 9. dxc6 Bxe5 10. dxe5 Qa5+ 11. Nc3 Qxe5+ 12. Qe2 Nxc6
13. Bxf4 $16) 8... Bd7 9. Nxd7 Nbxd7 10. O-O f3 11. gxf3 a6 12. Re1+ Be7 13.
Ba4 gxf3 14. Qxf3 b5 15. Bb3 Rg8+ 16. Kf1 a5 17. Nc3 a4 18. Nxb5 axb3 19. d6
cxd6 20. Qxa8 Qxa8 21. Nc7+ Kd8 22. Nxa8 bxc2 23. Re3 Rg4 24. d4 Rxd4 25. Rc3
Nd5 26. Rb3 Rd1+ 27. Ke2 Bf6 28. h5 Nf4+ 29. Ke3 Ne6 30. Rb5 d5 31. Kf2 Bh4+
32. Kg2 Bg5 33. Nb6 Bxc1 34. Nxd7 Bg5 35. Nc5 Rxa1 36. Nb3 Rxa2 37. Rxd5+ Ke7
38. Rxg5 Nxg5 39. Nc1 0-1

[Event "ICS Rated blitz match"]
[Site "207.99.83.227"]
[Date "1999.05.06"]
[Round "?"]
[White "Hossa"]
[Black "xypher"]
[Result "0-1"]
[WhiteElo "2387"]
[BlackElo "2778"]
[Annotator "Crafty v16.6"]
[PlyCount "123"]

{annotating for player ossa using a scoring margin of +0.20 pawns. search time
limit is 20.00} 1. e4 1... e5 2. f4 Bc5 3. Qh5 Nc6 4. fxe5 g6 5. Qe2 Nxe5 6.
Nf3 Nxf3+ 7. Qxf3 Qh4+ 8. g3 Qf6 9. Be2 d6 10. c3 Be6 11. d4 Bb6 12. O-O ({
9:-0.81} 12. O-O 12... Qxf3 13. Bxf3 O-O-O 14. b3 Ne7 15. Bg5 Rd7 16. Nd2 16...
Bh3 $17) ({9:-0.11} 12. a4 12... Qxf3 13. Bxf3 a6 14. a5 Ba7 15. e5 O-O-O 16.
Bg5 16... Rd7 $10) 12... Qxf3 13. Bxf3 c6 14. a4 Bc4 15. Rf2 h6 16. Nd2 Ba6 17.
a5 Bc7 18. Bd1 Ne7 19. Rf6 O-O 20. g4 Kg7 21. Rf4 Rae8 22. Rf2 f5 23. gxf5 gxf5
24. Bh5 Rd8 25. Be2 Bxe2 26. Rxe2 a6 27. Nc4 fxe4 28. Rxe4 Ng6 29. Re3 d5 30.
Ne5 Nxe5 31. dxe5 Rf5 32. Rh3 h5 33. Be3 Bxe5 34. Bb6 Rg8 35. Re1 Bf4 36. Kh1
Bd6 37. b3 Kf7 38. b4 Rg4 39. Rhe3 Rf2 40. R3e2 Rxe2 41. Rxe2 Re4 42. Rf2+ Ke6
43. Rd2 Be5 44. Bd4 Bxd4 45. cxd4 Kf5 46. Kg2 Rf4 47. Kg3 h4+ 48. Kh3 Ke4 49.
Re2+ Kxd4 50. Re7 Kc3 51. Rxb7 d4 52. Rb6 d3 53. Rxc6+ Rc4 54. Rf6 d2 55. Rf1
Rxb4 56. Ra1 Kc2 57. Kg2 d1=Q 58. Rxd1 Kxd1 59. Kf3 Kd2 60. h3 Kd3 61. Kf2 Ke4
62. Ke2 0-1

[Event "ICS rated blitz match"]
[Site "207.99.83.227"]
[Date "1999.05.06"]
[Round "?"]
[White "Hossa"]
[Black "JudgeTurpin"]
[Result "0-1"]
[WhiteElo "2384"]
[BlackElo "2637"]
[Annotator "Crafty v16.6"]
[PlyCount "135"]

{annotating for player ossa using a scoring margin of +0.20 pawns. search time
limit is 20.00} 1. e4 1... c5 2. Nf3 e6 3. d4 cxd4 4. Nxd4 Nf6 5. Nd2 Nc6 6.
N4f3 Bc5 7. Bd3 Ng4 8. O-O Qb6 9. Qe2 O-O 10. Nb3 ({9:+0.00} 10. Nb3 10... Bd6
11. Bg5 Qc7 12. g3 Nge5 13. Bb5 Be7 14. Nbd2 Bxg5 15. Nxg5 $10) ({9:+0.45} 10.
e5 10... Qc7 11. Bxh7+ Kxh7 12. Qe4+ Kg8 13. Qxg4 Nxe5 14. Qh5 d6 15. Nxe5
15... dxe5 $14) 10... d6 11. Nxc5 dxc5 12. e5 Qc7 13. Bxh7+ Kxh7 14. Ng5+ Kg8
15. Qxg4 Qxe5 16. Qh5 Qf5 17. Be3 b6 18. Rad1 Ba6 19. Rfe1 Qxc2 20. Rd2 Qg6 21.
Qxg6 fxg6 22. Nxe6 Rf7 23. Bg5 Bc4 24. b3 Ba6 25. Rd6 Nb4 26. h4 Re8 27. Rd8
Rxd8 28. Nxd8 Rf8 29. Rd1 Re8 30. Rd7 Nxa2 31. Rxa7 Nb4 32. Nc6 Nxc6 33. Rxa6
Rb8 34. Bf4 Rb7 35. Be3 Nb4 36. Ra1 Kf7 37. Rd1 Ke6 38. f3 Ra7 39. Bg5 Ra3 40.
Re1+ Kd5 41. Re7 Rxb3 42. Rxg7 Rb1+ 43. Kh2 c4 44. Rxg6 c3 45. Rxb6 c2 46. Rb8
Nc6 47. Rf8 c1=Q 48. Bxc1 Rxc1 49. g4 Nd4 50. Kg2 Ne6 51. Rf5+ Kd6 52. f4 Nd4
53. Rf6+ Kd5 54. h5 Rc2+ 55. Kg3 Ke4 56. g5 Nf5+ 57. Rxf5 Kxf5 58. g6 Rc3+ 59.
Kh2 Kf6 60. f5 Rf3 61. h6 Rxf5 62. g7 Rh5+ 63. Kg3 Kf7 64. Kg4 Rxh6 65. g8=R
Kxg8 66. Kf5 Kg7 67. Ke5 Kf7 68. Kd5 0-1

[Event "ICS rated blitz match"]
[Site "207.99.83.227"]
[Date "1999.05.06"]
[Round "?"]
[White "Hossa"]
[Black "JudgeTurpin"]
[Result "0-1"]
[WhiteElo "2378"]
[BlackElo "2643"]
[Annotator "Crafty v16.6"]
[PlyCount "91"]

{annotating for player ossa using a scoring margin of +0.20 pawns. search time
limit is 20.00} 1. e4 1... c5 2. Nf3 e6 3. d4 cxd4 4. Nxd4 Nf6 5. Nd2 Nc6 6.
N4f3 Bc5 7. Bd3 Qb6 8. O-O Ng4 9. Qe2 Nge5 10. Nxe5 Nxe5 11. Nb3 d6 12. Bf4
Nxd3 13. Qxd3 e5 14. Qg3 exf4 15. Qxg7 Rf8 16. Qxh7 Be6 17. Nxc5 dxc5 18. b3
O-O-O 19. Rfd1 Rh8 20. Qg7 Rdg8 21. Qe5 Qc7 22. Qxc7+ Kxc7 23. Kh1 Kc6 24. Rac1
b5 25. a3 f5 26. e5 Bd5 27. f3 Rh6 28. c4 bxc4 29. bxc4 Bf7 30. Re1 Rd8 31. Rc3
Rd4 32. Rec1 Re6 33. g3 Rxe5 34. gxf4 Re2 35. h3 Rxf4 36. Kg1 Rh4 37. Kf1 Rh2
38. R1c2 R2xh3 39. Rc1 Bh5 40. Kg2 Rh2+ 41. Kf1 Bxf3 42. Rxf3 Rh1+ 43. Kg2 Rxc1
44. Rxf5 Rc2+ 45. Kg1 Rg4+ 46. Kf1 0-1

[Event "ICS rated blitz match"]
[Site "207.99.83.227"]
[Date "1999.05.06"]
[Round "?"]
[White "Hossa"]
[Black "JudgeTurpin"]
[Result "0-1"]
[WhiteElo "2372"]
[BlackElo "2649"]
[Annotator "Crafty v16.6"]
[PlyCount "135"]

{annotating for player ossa using a scoring margin of +0.20 pawns. search time
limit is 20.00} 1. e4 1... e5 2. f4 exf4 3. Nf3 Be7 4. Nc3 Nf6 5. Be2 d5 6.
Nxd5 Nxd5 7. exd5 Bh4+ 8. Kf1 Bg5 9. Nxg5 Qxg5 10. Bb5+ Bd7 11. Qe2+ Kd8 12.
Bc4 Re8 13. Qf3 Bg4 14. Qc3 b5 15. Bxb5 Qe7 16. Kf2 a6 17. Bc4 Be2 18. d4 Bxc4
19. Qxc4 Qh4+ 20. g3 fxg3+ 21. hxg3 Qf6+ 22. Bf4 Ra7 23. Qc5 Rb7 24. d6 cxd6
25. Qxd6+ Qxd6 26. Bxd6 Nc6 27. d5 Nd4 28. Rab1 Re2+ 29. Kf1 Rxc2 30. Rxh7 f6
31. Rh8+ Kd7 32. Rb8 Rxb8 33. Bxb8 Rh2 34. Re1 Rxb2 35. Ba7 Nf5 36. Bf2 Rxa2
37. Rd1 a5 38. Rd3 Nd6 39. Bc5 Ne4 40. Bf8 g6 41. Bg7 Rc2 42. Re3 f5 43. Rd3
Kd6 44. Bf8+ Kc7 45. Bg7 Kd7 46. Ke1 a4 47. Be5 Rc8 48. Kf1 Ra8 49. Bb2 Nc5 50.
Rd2 a3 51. Be5 a2 52. Rd1 Nb3 53. Kf2 a1=Q 54. Bxa1 Rxa1 55. Rxa1 Nxa1 56. Kf3
Nc2 57. Kf4 Kd6 58. Kg5 Ne3 59. Kf4 Nxd5+ 60. Kg5 Ke5 61. Kh6 Kf6 62. Kh7 f4
63. g4 f3 64. Kg8 f2 65. Kf8 f1=Q 66. Kg8 Ne7+ 67. Kf8 g5 68. Ke8 0-1

[Event "ICS rated blitz match"]
[Site "207.99.83.227"]
[Date "1999.05.06"]
[Round "?"]
[White "Hossa"]
[Black "JudgeTurpin"]
[Result "0-1"]
[WhiteElo "2362"]
[BlackElo "2659"]
[Annotator "Crafty v16.6"]
[PlyCount "186"]

{annotating for player ossa using a scoring margin of +0.20 pawns. search time
limit is 20.00} 1. e4 1... g6 2. Nf3 Bg7 3. d4 d6 4. Bb5+ c6 5. Be2 Nf6 6. Nc3
O-O 7. O-O Bg4 8. Bg5 Nbd7 9. Qd3 h6 10. Bf4 c5 11. d5 Qb6 12. Rab1 Bh5 13. Qd2
Kh7 14. a4 Qb4 15. Qd3 Rac8 16. h3 Bxf3 17. Qxf3 Nh5 18. Bb5 Nb6 19. Be3 a6 20.
Bd3 Nf6 21. Qf4 c4 22. Be2 Nxa4 23. Na2 Qa5 24. Bd4 Nh5 25. Qe3 Nf4 26. Bg4
Bxd4 27. Qxd4 h5 28. Bf3 Qb6 29. Qd2 g5 30. b3 cxb3 31. cxb3 Nc5 32. b4 Nd7 33.
Rbc1 Ne5 34. Bd1 Rxc1 35. Nxc1 Rc8 36. Be2 a5 37. bxa5 Qb1 38. Nd3 Nxe2+ 39.
Qxe2 Qxd3 40. Qxh5+ Kg7 41. Qxg5+ Ng6 42. Qe3 Qxe3 43. fxe3 Rc3 44. Rb1 Rxe3
45. Rxb7 Rxe4 46. a6 Ra4 47. a7 Kf6 48. g3 Ke5 49. h4 Kxd5 50. h5 Ne5 51. Rxe7
Ke4 52. Rb7 Ra1+ 53. Kg2 Ra2+ 54. Kh3 Kf5 55. h6 Kg6 56. h7 Kxh7 57. Rb6 Kg6
58. Rxd6+ Kf5 59. g4+ Kg5 60. Rd8 Rxa7 61. Rd5 Ra3+ 62. Kg2 f6 63. Rd4 Rd3 64.
Re4 Nxg4 65. Rb4 f5 66. Rb8 f4 67. Rf8 Ne5 68. Rg8+ Kf5 69. Rf8+ Ke4 70. Re8
f3+ 71. Kg3 Rd2 72. Rb8 Rg2+ 73. Kh3 Rg1 74. Rf8 Ng6 75. Ra8 f2 76. Ra4+ Ke5
77. Kh2 Nf4 78. Ra5+ Ke6 79. Ra6+ Kf5 80. Ra5+ Kg6 81. Ra6+ Kg7 82. Ra7+ Kf6
83. Ra6+ Ke7 84. Ra7+ Kd6 85. Ra6+ Kd7 86. Ra7+ Kc6 87. Rc7+ Kd5 88. Rc5+ Ke4
89. Rc4+ Kf3 90. Rc1 Ne2 91. Kh3 Nxc1 92. Kh4 f1=Q 93. Kh5 Qh3# 0-1

[Event "ICS rated blitz match"]
[Site "207.99.83.227"]
[Date "1999.05.06"]
[Round "?"]
[White "Hossa"]
[Black "JudgeTurpin"]
[Result "0-1"]
[WhiteElo "2357"]
[BlackElo "2664"]
[Annotator "Crafty v16.6"]
[PlyCount "94"]

{annotating for player ossa using a scoring margin of +0.20 pawns. search time
limit is 20.00} 1. e4 1... e5 2. f4 exf4 3. Nf3 g5 4. h4 g4 5. Ne5 Nf6 6. Bc4
d5 7. exd5 Bd6 8. Bb5+ ({8:-0.44} 8. Bb5+ 8... Bd7 9. Nxd7 Nbxd7 10. Qe2+ Qe7
11. Qxe7+ Bxe7 12. Nc3 O-O-O 13. Rf1 Ne5 14. Rxf4 Nxd5 15. Nxd5 15... Rxd5 $15)
({8:+0.72} 8. d4 8... c6 9. dxc6 Bxe5 10. dxe5 Qa5+ 11. Nc3 Qxe5+ 12. Qe2 Nxc6
13. Bxf4 $16) 8... Bd7 9. Nxd7 Nbxd7 10. O-O f3 11. gxf3 a6 12. Re1+ Be7 13.
Ba4 gxf3 14. Qxf3 b5 15. Bb3 Rg8+ 16. Kf1 a5 17. Nc3 a4 18. Nxb5 axb3 19. d6
cxd6 20. Qxa8 Qxa8 21. Nc7+ Kd8 22. Nxa8 bxc2 23. Re3 Rg4 24. d4 Rxd4 25. Rc3
Nd5 26. Rb3 Bxh4 27. Kg2 Rd1 28. Rh3 Be1 29. Rxh7 Bd2 30. Bxd2 Rxa1 31. a3 Ne5
32. Rh8+ Kd7 33. Rh1 Rd1 34. Bg5 f6 35. Bh6 f5 36. Bc1 Nd3 37. Rh7+ Kc6 38. b4
Rxc1 39. b5+ Kc5 40. Nc7 Ne3+ 41. Kf3 Rf1+ 42. Kg3 Rg1+ 43. Kf3 Ne5+ 44. Kf4
Rg4+ 45. Kxe3 c1=Q+ 46. Kf2 Qg1+ 47. Ke2 Rg2# 0-1

[Event "ICS rated blitz match"]
[Site "207.99.83.227"]
[Date "1999.05.06"]
[Round "?"]
[White "Hossa"]
[Black "JudgeTurpin"]
[Result "0-1"]
[WhiteElo "2352"]
[BlackElo "2669"]
[Annotator "Crafty v16.6"]
[PlyCount "159"]

{annotating for player ossa using a scoring margin of +0.20 pawns. search time
limit is 20.00} 1. e4 1... e5 2. f4 exf4 3. Nf3 d5 4. exd5 Nf6 5. Bc4 Nxd5 6.
Bxd5 Qxd5 7. Nc3 Qe6+ 8. Kf2 Qf5 9. Re1+ Be6 10. Re5 Qg6 11. Nd5 Bd6 12. Nh4
Bxe5 13. Nxg6 hxg6 14. d4 Bxd5 15. dxe5 Be6 16. Bxf4 Nc6 17. Kg1 Rd8 18. Qe2
Rd4 19. Qf2 O-O 20. Rf1 a6 21. b3 Rfd8 22. c4 Rd1 23. Qe2 R1d3 24. Bg5 R8d4 25.
Be3 Rd7 26. Bc1 a5 27. Bf4 a4 28. Qc2 Na5 29. b4 Nxc4 30. Qxa4 Ra3 31. Qc2 c6
32. Rf2 Rxa2 33. Qc1 Rxf2 34. Kxf2 Rd4 35. g3 Rd3 36. Qe1 Bd5 37. h4 Rf3+ 38.
Kg1 Rb3 39. Bc1 Rd3 40. Kh2 Bf3 41. g4 Bxg4 42. Bg5 Rd5 43. Bf4 Rd1 44. Qg3 Be6
45. Qf2 Rd3 46. Kg2 Bd5+ 47. Kh2 b6 48. Qg1 Rb3 49. Qe1 Rf3 50. Bd2 Kf8 51. Bc3
c5 52. bxc5 bxc5 53. Bd2 Ra3 54. Qb1 Ra8 55. Bf4 Be6 56. Qg1 Ra2+ 57. Kg3 Ra5
58. Qb1 Ra3+ 59. Kh2 Kg8 60. Qb8+ Kh7 61. Qd8 Nb2 62. Qg5 Nd3 63. Qg3 Ra2+ 64.
Kg1 c4 65. Qe3 Ra1+ 66. Kh2 Rf1 67. Bg5 Rf5 68. Kg3 Rxe5 69. Qf3 Bd5 70. Qd1
Re1 71. Qd2 Rg1+ 72. Kh2 Rg2+ 73. Qxg2 Bxg2 74. Kxg2 c3 75. Kf3 c2 76. Be3 c1=Q
77. Bxc1 Nxc1 78. Kf4 Kh6 79. Ke5 Kh5 80. Kd5 0-1

[Event "ICS rated blitz match"]
[Site "207.99.83.227"]
[Date "1999.05.06"]
[Round "?"]
[White "MrGambit456"]
[Black "Hossa"]
[Result "1-0"]
[WhiteElo "2568"]
[BlackElo "2348"]
[Annotator "Crafty v16.6"]
[PlyCount "55"]

{annotating for player ossa using a scoring margin of +0.20 pawns. search time
limit is 20.00} 1. d4 1... d5 2. c4 Nc6 3. Nc3 dxc4 4. Nf3 Bg4 5. d5 Na5 6.
Qa4+ c6 7. Ne5 Nf6 8. b4 Nxd5 9. Bd2 Qd6 10. Nxg4 Qxb4 11. Rb1 Qxa4 12. Nxa4 b6
13. e4 c3 14. Nxc3 Nxc3 15. Bxc3 Nb7 16. Bd3 Rd8 17. Bc2 Nd6 18. O-O Nb5 19.
Ba4 a6 20. Rfc1 f6 21. Ba1 Rd6 22. e5 Rd2 23. Rxc6 Rxa2 24. e6 Kd8 25. Bxb5
Rxa1 26. Rxa1 Rg8 27. Rd1+ Ke8 28. Rc8# 1-0

[Event "ICS Rated blitz match"]
[Site "207.99.83.227"]
[Date "1999.05.06"]
[Round "?"]
[White "Hossa"]
[Black "JudgeTurpin"]
[Result "1-0"]
[WhiteElo "2341"]
[BlackElo "2674"]
[PlyCount "151"]

1. e4 c5 2. Nf3 e6 3. b3 d5 4. exd5 exd5 5. Bb5+ Nc6 6. O-O Qb6 7. Qe2+ Be6 8.
Ng5 O-O-O 9. Nxe6 fxe6 10. Qxe6+ Kc7 11. Na3 Nd4 12. Qxb6+ Kxb6 13. Bd3 Re8 14.
c4 dxc4 15. Nxc4+ Kc6 16. Bb2 Nf6 17. Rfe1 Bd6 18. b4 b6 19. Re3 Bf4 20. bxc5
bxc5 21. Rxe8 Rxe8 22. Rc1 h5 23. Bxd4 cxd4 24. Bg6 Re7 25. g3 Bd6 26. f4 Kd5
27. Kf1 h4 28. Nxd6 Kxd6 29. gxh4 Ne4 30. Rd1 Re6 31. h5 Rf6 32. f5 Kd5 33. Ke2
Nd6 34. Kd3 Nc4 35. Rc1 Ne5+ 36. Ke2 Nc4 37. d3 Ne5 38. h3 Ra6 39. Rc2 Ra3 40.
f6 gxf6 41. Bf5 Nf7 42. Ke1 Nh6 43. Be4+ Ke5 44. Bg6 Kd5 45. Rc8 Ke5 46. Rh8
Rxa2 47. Rxh6 a6 48. Rh8 Ra1+ 49. Kf2 Kf4 50. Re8 Kg5 51. Re4 f5 52. Re5 Rb1
53. Rxf5+ Kh6 54. Rd5 Rb2+ 55. Kg3 Rb1 56. Rxd4 Ra1 57. Rd7 Kg5 58. h4+ Kf6 59.
h6 Rg1+ 60. Kh3 Rc1 61. Rd6+ Ke5 62. Rd8 Rc7 63. h7 Rxh7 64. Bxh7 Ke6 65. d4
Kf7 66. Ra8 Ke6 67. Be4 a5 68. Rxa5 Ke7 69. Kg4 Kd7 70. h5 Ke6 71. h6 Kd6 72.
Ra6+ Kd7 73. Ra7+ Kd6 74. h7 Ke6 75. h8=Q Kd6 76. Qe5# {JudgeTurpin checkmated}
1-0